000 00261nam a22001097a 4500
082 _a515.9 CHU
100 _aBROWN JAMES WARD ,CHURCHILL RUEL V
_956430
245 _aCOMPLEX VARIABLES AND APPLICTIONS
260 _aPDF
_bPDF
_c1984
300 _aPDF
942 _cBK
999 _c566850
_d566850